<?xml version="1.0" encoding="UTF-8"?>
<collection xmlns="http://www.loc.gov/MARC21/slim">
<record>
  <controlfield tag="001">184260</controlfield>
  <controlfield tag="005">20230504192522.0</controlfield>
  <datafield tag="024" ind1="7" ind2=" ">
    <subfield code="a">10.1103/PhysRevA.92.062707</subfield>
    <subfield code="2">doi</subfield>
  </datafield>
  <datafield tag="024" ind1="7" ind2=" ">
    <subfield code="a">0556-2791</subfield>
    <subfield code="2">ISSN</subfield>
  </datafield>
  <datafield tag="024" ind1="7" ind2=" ">
    <subfield code="a">1050-2947</subfield>
    <subfield code="2">ISSN</subfield>
  </datafield>
  <datafield tag="024" ind1="7" ind2=" ">
    <subfield code="a">1094-1622</subfield>
    <subfield code="2">ISSN</subfield>
  </datafield>
  <datafield tag="024" ind1="7" ind2=" ">
    <subfield code="a">WOS:000366082900008</subfield>
    <subfield code="2">WOS</subfield>
  </datafield>
  <datafield tag="037" ind1=" " ind2=" ">
    <subfield code="a">GSI-2016-00030</subfield>
  </datafield>
  <datafield tag="041" ind1=" " ind2=" ">
    <subfield code="a">English</subfield>
  </datafield>
  <datafield tag="082" ind1=" " ind2=" ">
    <subfield code="a">530</subfield>
  </datafield>
  <datafield tag="100" ind1="1" ind2=" ">
    <subfield code="a">Kovtun, Oleksiy</subfield>
    <subfield code="0">P:(DE-HGF)0</subfield>
    <subfield code="b">0</subfield>
    <subfield code="e">Corresponding author</subfield>
  </datafield>
  <datafield tag="245" ind1=" " ind2=" ">
    <subfield code="a">Spin-orbit interaction in bremsstrahlung and its effect on the electron motion in a strong Coulomb field</subfield>
  </datafield>
  <datafield tag="260" ind1=" " ind2=" ">
    <subfield code="a">College Park, Md.</subfield>
    <subfield code="c">2015</subfield>
    <subfield code="b">APS</subfield>
  </datafield>
  <datafield tag="336" ind1="7" ind2=" ">
    <subfield code="a">Journal Article</subfield>
    <subfield code="0">0</subfield>
    <subfield code="2">EndNote</subfield>
  </datafield>
  <datafield tag="336" ind1="7" ind2=" ">
    <subfield code="a">article</subfield>
    <subfield code="2">DRIVER</subfield>
  </datafield>
  <datafield tag="336" ind1="7" ind2=" ">
    <subfield code="a">Journal Article</subfield>
    <subfield code="b">journal</subfield>
    <subfield code="m">journal</subfield>
    <subfield code="0">PUB:(DE-HGF)16</subfield>
    <subfield code="s">1452776083_20778</subfield>
    <subfield code="2">PUB:(DE-HGF)</subfield>
  </datafield>
  <datafield tag="336" ind1="7" ind2=" ">
    <subfield code="a">ARTICLE</subfield>
    <subfield code="2">BibTeX</subfield>
  </datafield>
  <datafield tag="536" ind1=" " ind2=" ">
    <subfield code="a">6211 - Extreme States of Matter: From Cold Ions to Hot Plasmas (POF3-621)</subfield>
    <subfield code="0">G:(DE-HGF)POF3-6211</subfield>
    <subfield code="c">POF3-621</subfield>
    <subfield code="f">POF III</subfield>
    <subfield code="x">0</subfield>
  </datafield>
  <datafield tag="542" ind1=" " ind2=" ">
    <subfield code="i">2015-12-08</subfield>
    <subfield code="2">Crossref</subfield>
    <subfield code="u">http://link.aps.org/licenses/aps-default-license</subfield>
  </datafield>
  <datafield tag="588" ind1=" " ind2=" ">
    <subfield code="a">Dataset connected to CrossRef</subfield>
  </datafield>
  <datafield tag="700" ind1="1" ind2=" ">
    <subfield code="a">Tioukine, Valeri</subfield>
    <subfield code="0">P:(DE-HGF)0</subfield>
    <subfield code="b">1</subfield>
  </datafield>
  <datafield tag="700" ind1="1" ind2=" ">
    <subfield code="a">Surzhykov, Andrey</subfield>
    <subfield code="0">P:(DE-HGF)0</subfield>
    <subfield code="b">2</subfield>
  </datafield>
  <datafield tag="700" ind1="1" ind2=" ">
    <subfield code="a">Yerokhin, Vladimir A.</subfield>
    <subfield code="0">P:(DE-HGF)0</subfield>
    <subfield code="b">3</subfield>
  </datafield>
  <datafield tag="700" ind1="1" ind2=" ">
    <subfield code="a">Cederwall, Bo</subfield>
    <subfield code="0">P:(DE-HGF)0</subfield>
    <subfield code="b">4</subfield>
  </datafield>
  <datafield tag="700" ind1="1" ind2=" ">
    <subfield code="a">Tashenov, Stanislav</subfield>
    <subfield code="0">P:(DE-HGF)0</subfield>
    <subfield code="b">5</subfield>
  </datafield>
  <datafield tag="773" ind1="1" ind2="8">
    <subfield code="a">10.1103/physreva.92.062707</subfield>
    <subfield code="b">American Physical Society (APS)</subfield>
    <subfield code="d">2015-12-08</subfield>
    <subfield code="n">6</subfield>
    <subfield code="p">062707</subfield>
    <subfield code="3">journal-article</subfield>
    <subfield code="2">Crossref</subfield>
    <subfield code="t">Physical Review A</subfield>
    <subfield code="v">92</subfield>
    <subfield code="y">2015</subfield>
    <subfield code="x">1050-2947</subfield>
  </datafield>
  <datafield tag="773" ind1=" " ind2=" ">
    <subfield code="a">10.1103/PhysRevA.92.062707</subfield>
    <subfield code="g">Vol. 92, no. 6, p. 062707</subfield>
    <subfield code="0">PERI:(DE-600)2844156-4</subfield>
    <subfield code="n">6</subfield>
    <subfield code="p">062707</subfield>
    <subfield code="t">Physical review / A</subfield>
    <subfield code="v">92</subfield>
    <subfield code="y">2015</subfield>
    <subfield code="x">1050-2947</subfield>
  </datafield>
  <datafield tag="909" ind1="C" ind2="O">
    <subfield code="o">oai:repository.gsi.de:184260</subfield>
    <subfield code="p">VDB</subfield>
  </datafield>
  <datafield tag="910" ind1="1" ind2=" ">
    <subfield code="a">External Helmholtz Institute: HIJ</subfield>
    <subfield code="0">I:(DE-Ds200)Ext-HIJ</subfield>
    <subfield code="k">HIJ</subfield>
    <subfield code="b">2</subfield>
    <subfield code="6">P:(DE-HGF)0</subfield>
  </datafield>
  <datafield tag="913" ind1="1" ind2=" ">
    <subfield code="a">DE-HGF</subfield>
    <subfield code="b">Forschungsbereich Materie</subfield>
    <subfield code="l">Von Materie zu Materialien und Leben</subfield>
    <subfield code="1">G:(DE-HGF)POF3-620</subfield>
    <subfield code="0">G:(DE-HGF)POF3-621</subfield>
    <subfield code="2">G:(DE-HGF)POF3-600</subfield>
    <subfield code="v">In-house research on the structure, dynamics and function of matter</subfield>
    <subfield code="9">G:(DE-HGF)POF3-6211</subfield>
    <subfield code="x">0</subfield>
    <subfield code="4">G:(DE-HGF)POF</subfield>
    <subfield code="3">G:(DE-HGF)POF3</subfield>
  </datafield>
  <datafield tag="914" ind1="1" ind2=" ">
    <subfield code="y">2015</subfield>
  </datafield>
  <datafield tag="915" ind1=" " ind2=" ">
    <subfield code="a">Nationallizenz</subfield>
    <subfield code="0">StatID:(DE-HGF)0420</subfield>
    <subfield code="2">StatID</subfield>
  </datafield>
  <datafield tag="915" ind1=" " ind2=" ">
    <subfield code="a">DBCoverage</subfield>
    <subfield code="0">StatID:(DE-HGF)0300</subfield>
    <subfield code="2">StatID</subfield>
    <subfield code="b">Medline</subfield>
  </datafield>
  <datafield tag="915" ind1=" " ind2=" ">
    <subfield code="a">DBCoverage</subfield>
    <subfield code="0">StatID:(DE-HGF)0200</subfield>
    <subfield code="2">StatID</subfield>
    <subfield code="b">SCOPUS</subfield>
  </datafield>
  <datafield tag="915" ind1=" " ind2=" ">
    <subfield code="a">JCR</subfield>
    <subfield code="0">StatID:(DE-HGF)0100</subfield>
    <subfield code="2">StatID</subfield>
    <subfield code="b">PHYS REV A : 2014</subfield>
  </datafield>
  <datafield tag="915" ind1=" " ind2=" ">
    <subfield code="a">DBCoverage</subfield>
    <subfield code="0">StatID:(DE-HGF)0199</subfield>
    <subfield code="2">StatID</subfield>
    <subfield code="b">Thomson Reuters Master Journal List</subfield>
  </datafield>
  <datafield tag="915" ind1=" " ind2=" ">
    <subfield code="a">WoS</subfield>
    <subfield code="0">StatID:(DE-HGF)0110</subfield>
    <subfield code="2">StatID</subfield>
    <subfield code="b">Science Citation Index</subfield>
  </datafield>
  <datafield tag="915" ind1=" " ind2=" ">
    <subfield code="a">DBCoverage</subfield>
    <subfield code="0">StatID:(DE-HGF)0150</subfield>
    <subfield code="2">StatID</subfield>
    <subfield code="b">Web of Science Core Collection</subfield>
  </datafield>
  <datafield tag="915" ind1=" " ind2=" ">
    <subfield code="a">WoS</subfield>
    <subfield code="0">StatID:(DE-HGF)0111</subfield>
    <subfield code="2">StatID</subfield>
    <subfield code="b">Science Citation Index Expanded</subfield>
  </datafield>
  <datafield tag="915" ind1=" " ind2=" ">
    <subfield code="a">DBCoverage</subfield>
    <subfield code="0">StatID:(DE-HGF)1150</subfield>
    <subfield code="2">StatID</subfield>
    <subfield code="b">Current Contents - Physical, Chemical and Earth Sciences</subfield>
  </datafield>
  <datafield tag="915" ind1=" " ind2=" ">
    <subfield code="a">IF &lt; 5</subfield>
    <subfield code="0">StatID:(DE-HGF)9900</subfield>
    <subfield code="2">StatID</subfield>
  </datafield>
  <datafield tag="920" ind1=" " ind2=" ">
    <subfield code="l">yes</subfield>
  </datafield>
  <datafield tag="920" ind1="1" ind2=" ">
    <subfield code="0">I:(DE-Ds200)ATP-20051214OR020</subfield>
    <subfield code="k">ATP</subfield>
    <subfield code="l">Atomphysik</subfield>
    <subfield code="x">0</subfield>
  </datafield>
  <datafield tag="920" ind1="1" ind2=" ">
    <subfield code="0">I:(DE-Ds200)HIJ-20110223OR115</subfield>
    <subfield code="k">HIJ</subfield>
    <subfield code="l">HI Jena</subfield>
    <subfield code="x">1</subfield>
  </datafield>
  <datafield tag="980" ind1=" " ind2=" ">
    <subfield code="a">journal</subfield>
  </datafield>
  <datafield tag="980" ind1=" " ind2=" ">
    <subfield code="a">VDB</subfield>
  </datafield>
  <datafield tag="980" ind1=" " ind2=" ">
    <subfield code="a">I:(DE-Ds200)20110830OR020</subfield>
  </datafield>
  <datafield tag="980" ind1=" " ind2=" ">
    <subfield code="a">I:(DE-Ds200)ATP-20051214OR020</subfield>
  </datafield>
  <datafield tag="980" ind1=" " ind2=" ">
    <subfield code="a">I:(DE-Ds200)20120319OR115</subfield>
  </datafield>
  <datafield tag="980" ind1=" " ind2=" ">
    <subfield code="a">I:(DE-Ds200)HIJ-20110223OR115</subfield>
  </datafield>
  <datafield tag="980" ind1=" " ind2=" ">
    <subfield code="a">UNRESTRICTED</subfield>
  </datafield>
  <datafield tag="999" ind1="C" ind2="5">
    <subfield code="a">10.1002/andp.19133461002</subfield>
    <subfield code="9">-- missing cx lookup --</subfield>
    <subfield code="2">Crossref</subfield>
  </datafield>
  <datafield tag="999" ind1="C" ind2="5">
    <subfield code="a">10.1086/181300</subfield>
    <subfield code="9">-- missing cx lookup --</subfield>
    <subfield code="2">Crossref</subfield>
  </datafield>
  <datafield tag="999" ind1="C" ind2="5">
    <subfield code="1">A. Cavaliere</subfield>
    <subfield code="y">1976</subfield>
    <subfield code="2">Crossref</subfield>
    <subfield code="o">A. Cavaliere 1976</subfield>
  </datafield>
  <datafield tag="999" ind1="C" ind2="5">
    <subfield code="a">10.1086/378488</subfield>
    <subfield code="9">-- missing cx lookup --</subfield>
    <subfield code="2">Crossref</subfield>
  </datafield>
  <datafield tag="999" ind1="C" ind2="5">
    <subfield code="a">10.1063/1.1578638</subfield>
    <subfield code="9">-- missing cx lookup --</subfield>
    <subfield code="2">Crossref</subfield>
  </datafield>
  <datafield tag="999" ind1="C" ind2="5">
    <subfield code="a">10.1103/RevModPhys.76.1071</subfield>
    <subfield code="9">-- missing cx lookup --</subfield>
    <subfield code="2">Crossref</subfield>
  </datafield>
  <datafield tag="999" ind1="C" ind2="5">
    <subfield code="a">10.1118/1.2836950</subfield>
    <subfield code="9">-- missing cx lookup --</subfield>
    <subfield code="2">Crossref</subfield>
  </datafield>
  <datafield tag="999" ind1="C" ind2="5">
    <subfield code="a">10.1088/0031-9155/58/1/R1</subfield>
    <subfield code="9">-- missing cx lookup --</subfield>
    <subfield code="2">Crossref</subfield>
  </datafield>
  <datafield tag="999" ind1="C" ind2="5">
    <subfield code="a">10.1146/annurev.ns.37.120187.000341</subfield>
    <subfield code="9">-- missing cx lookup --</subfield>
    <subfield code="2">Crossref</subfield>
  </datafield>
  <datafield tag="999" ind1="C" ind2="5">
    <subfield code="a">10.1016/j.nima.2014.05.110</subfield>
    <subfield code="9">-- missing cx lookup --</subfield>
    <subfield code="2">Crossref</subfield>
  </datafield>
  <datafield tag="999" ind1="C" ind2="5">
    <subfield code="a">10.1103/PhysRevLett.107.173201</subfield>
    <subfield code="9">-- missing cx lookup --</subfield>
    <subfield code="2">Crossref</subfield>
  </datafield>
  <datafield tag="999" ind1="C" ind2="5">
    <subfield code="a">10.1103/PhysRevA.87.022707</subfield>
    <subfield code="9">-- missing cx lookup --</subfield>
    <subfield code="2">Crossref</subfield>
  </datafield>
  <datafield tag="999" ind1="C" ind2="5">
    <subfield code="a">10.1088/0031-8949/2013/T156/014071</subfield>
    <subfield code="9">-- missing cx lookup --</subfield>
    <subfield code="2">Crossref</subfield>
  </datafield>
  <datafield tag="999" ind1="C" ind2="5">
    <subfield code="a">10.1088/1367-2630/14/8/085019</subfield>
    <subfield code="9">-- missing cx lookup --</subfield>
    <subfield code="2">Crossref</subfield>
  </datafield>
  <datafield tag="999" ind1="C" ind2="5">
    <subfield code="a">10.1080/09500340.2013.846432</subfield>
    <subfield code="9">-- missing cx lookup --</subfield>
    <subfield code="2">Crossref</subfield>
  </datafield>
  <datafield tag="999" ind1="C" ind2="5">
    <subfield code="a">10.1103/RevModPhys.84.1177</subfield>
    <subfield code="9">-- missing cx lookup --</subfield>
    <subfield code="2">Crossref</subfield>
  </datafield>
  <datafield tag="999" ind1="C" ind2="5">
    <subfield code="a">10.1209/0295-5075/94/14002</subfield>
    <subfield code="9">-- missing cx lookup --</subfield>
    <subfield code="2">Crossref</subfield>
  </datafield>
  <datafield tag="999" ind1="C" ind2="5">
    <subfield code="a">10.1103/PhysRevLett.109.043601</subfield>
    <subfield code="9">-- missing cx lookup --</subfield>
    <subfield code="2">Crossref</subfield>
  </datafield>
  <datafield tag="999" ind1="C" ind2="5">
    <subfield code="a">10.1088/0953-4075/47/6/065603</subfield>
    <subfield code="9">-- missing cx lookup --</subfield>
    <subfield code="2">Crossref</subfield>
  </datafield>
  <datafield tag="999" ind1="C" ind2="5">
    <subfield code="a">10.1088/1367-2630/16/10/103028</subfield>
    <subfield code="9">-- missing cx lookup --</subfield>
    <subfield code="2">Crossref</subfield>
  </datafield>
  <datafield tag="999" ind1="C" ind2="5">
    <subfield code="a">10.1051/0004-6361/200811486</subfield>
    <subfield code="9">-- missing cx lookup --</subfield>
    <subfield code="2">Crossref</subfield>
  </datafield>
  <datafield tag="999" ind1="C" ind2="5">
    <subfield code="a">10.1088/0034-4885/64/4/201</subfield>
    <subfield code="9">-- missing cx lookup --</subfield>
    <subfield code="2">Crossref</subfield>
  </datafield>
  <datafield tag="999" ind1="C" ind2="5">
    <subfield code="a">10.1126/science.1199705</subfield>
    <subfield code="9">-- missing cx lookup --</subfield>
    <subfield code="2">Crossref</subfield>
  </datafield>
  <datafield tag="999" ind1="C" ind2="5">
    <subfield code="a">10.1038/nature06895</subfield>
    <subfield code="9">-- missing cx lookup --</subfield>
    <subfield code="2">Crossref</subfield>
  </datafield>
  <datafield tag="999" ind1="C" ind2="5">
    <subfield code="a">10.1088/0741-3335/39/9/002</subfield>
    <subfield code="9">-- missing cx lookup --</subfield>
    <subfield code="2">Crossref</subfield>
  </datafield>
  <datafield tag="999" ind1="C" ind2="5">
    <subfield code="a">10.1023/A:1005027107614</subfield>
    <subfield code="9">-- missing cx lookup --</subfield>
    <subfield code="2">Crossref</subfield>
  </datafield>
  <datafield tag="999" ind1="C" ind2="5">
    <subfield code="a">10.1016/j.astropartphys.2010.12.001</subfield>
    <subfield code="9">-- missing cx lookup --</subfield>
    <subfield code="2">Crossref</subfield>
  </datafield>
  <datafield tag="999" ind1="C" ind2="5">
    <subfield code="a">10.1038/266429a0</subfield>
    <subfield code="9">-- missing cx lookup --</subfield>
    <subfield code="2">Crossref</subfield>
  </datafield>
  <datafield tag="999" ind1="C" ind2="5">
    <subfield code="a">10.1046/j.1365-8711.2000.03076.x</subfield>
    <subfield code="9">-- missing cx lookup --</subfield>
    <subfield code="2">Crossref</subfield>
  </datafield>
  <datafield tag="999" ind1="C" ind2="5">
    <subfield code="a">10.1088/0004-637X/748/2/116</subfield>
    <subfield code="9">-- missing cx lookup --</subfield>
    <subfield code="2">Crossref</subfield>
  </datafield>
  <datafield tag="999" ind1="C" ind2="5">
    <subfield code="1">A. A. Sokolov</subfield>
    <subfield code="y">1964</subfield>
    <subfield code="2">Crossref</subfield>
    <subfield code="o">A. A. Sokolov 1964</subfield>
  </datafield>
  <datafield tag="999" ind1="C" ind2="5">
    <subfield code="a">10.1016/0370-1573(84)90031-0</subfield>
    <subfield code="9">-- missing cx lookup --</subfield>
    <subfield code="2">Crossref</subfield>
  </datafield>
  <datafield tag="999" ind1="C" ind2="5">
    <subfield code="a">10.1126/science.251.4997.1033</subfield>
    <subfield code="9">-- missing cx lookup --</subfield>
    <subfield code="2">Crossref</subfield>
  </datafield>
  <datafield tag="999" ind1="C" ind2="5">
    <subfield code="a">10.1103/PhysRevLett.39.1104</subfield>
    <subfield code="9">-- missing cx lookup --</subfield>
    <subfield code="2">Crossref</subfield>
  </datafield>
  <datafield tag="999" ind1="C" ind2="5">
    <subfield code="a">10.1088/1742-6596/488/1/012057</subfield>
    <subfield code="9">-- missing cx lookup --</subfield>
    <subfield code="2">Crossref</subfield>
  </datafield>
  <datafield tag="999" ind1="C" ind2="5">
    <subfield code="a">10.1103/PhysRevA.7.1502</subfield>
    <subfield code="9">-- missing cx lookup --</subfield>
    <subfield code="2">Crossref</subfield>
  </datafield>
  <datafield tag="999" ind1="C" ind2="5">
    <subfield code="a">10.1103/PhysRevA.82.062702</subfield>
    <subfield code="9">-- missing cx lookup --</subfield>
    <subfield code="2">Crossref</subfield>
  </datafield>
  <datafield tag="999" ind1="C" ind2="5">
    <subfield code="a">10.1002/andp.19354140703</subfield>
    <subfield code="9">-- missing cx lookup --</subfield>
    <subfield code="2">Crossref</subfield>
  </datafield>
  <datafield tag="999" ind1="C" ind2="5">
    <subfield code="a">10.1103/PhysRevA.82.042714</subfield>
    <subfield code="9">-- missing cx lookup --</subfield>
    <subfield code="2">Crossref</subfield>
  </datafield>
  <datafield tag="999" ind1="C" ind2="5">
    <subfield code="a">10.1140/epjd/e2011-20053-0</subfield>
    <subfield code="9">-- missing cx lookup --</subfield>
    <subfield code="2">Crossref</subfield>
  </datafield>
  <datafield tag="999" ind1="C" ind2="5">
    <subfield code="a">10.1103/PhysRevLett.108.264801</subfield>
    <subfield code="9">-- missing cx lookup --</subfield>
    <subfield code="2">Crossref</subfield>
  </datafield>
  <datafield tag="999" ind1="C" ind2="5">
    <subfield code="a">10.1016/j.nima.2006.08.022</subfield>
    <subfield code="9">-- missing cx lookup --</subfield>
    <subfield code="2">Crossref</subfield>
  </datafield>
  <datafield tag="999" ind1="C" ind2="5">
    <subfield code="a">10.1063/1.3556593</subfield>
    <subfield code="9">-- missing cx lookup --</subfield>
    <subfield code="2">Crossref</subfield>
  </datafield>
  <datafield tag="999" ind1="C" ind2="5">
    <subfield code="a">10.1109/23.322868</subfield>
    <subfield code="9">-- missing cx lookup --</subfield>
    <subfield code="2">Crossref</subfield>
  </datafield>
  <datafield tag="999" ind1="C" ind2="5">
    <subfield code="a">10.1103/PhysRevLett.97.223202</subfield>
    <subfield code="9">-- missing cx lookup --</subfield>
    <subfield code="2">Crossref</subfield>
  </datafield>
  <datafield tag="999" ind1="C" ind2="5">
    <subfield code="a">10.1103/PhysRevA.26.237</subfield>
    <subfield code="9">-- missing cx lookup --</subfield>
    <subfield code="2">Crossref</subfield>
  </datafield>
  <datafield tag="999" ind1="C" ind2="5">
    <subfield code="a">10.1016/j.physleta.2013.05.031</subfield>
    <subfield code="9">-- missing cx lookup --</subfield>
    <subfield code="2">Crossref</subfield>
  </datafield>
  <datafield tag="999" ind1="C" ind2="5">
    <subfield code="a">10.1007/BF01437366</subfield>
    <subfield code="9">-- missing cx lookup --</subfield>
    <subfield code="2">Crossref</subfield>
  </datafield>
  <datafield tag="999" ind1="C" ind2="5">
    <subfield code="a">10.1103/PhysRevLett.82.3232</subfield>
    <subfield code="9">-- missing cx lookup --</subfield>
    <subfield code="2">Crossref</subfield>
  </datafield>
  <datafield tag="999" ind1="C" ind2="5">
    <subfield code="a">10.1103/PhysRevA.10.532</subfield>
    <subfield code="9">-- missing cx lookup --</subfield>
    <subfield code="2">Crossref</subfield>
  </datafield>
  <datafield tag="999" ind1="C" ind2="5">
    <subfield code="a">10.1103/PhysRevLett.94.203202</subfield>
    <subfield code="9">-- missing cx lookup --</subfield>
    <subfield code="2">Crossref</subfield>
  </datafield>
  <datafield tag="999" ind1="C" ind2="5">
    <subfield code="a">10.1103/PhysRevA.86.032701</subfield>
    <subfield code="9">-- missing cx lookup --</subfield>
    <subfield code="2">Crossref</subfield>
  </datafield>
</record>
</collection>